VERY EASY GEOGRAPHY MULTI CHOICE - Statistics

General Stats
  • This quiz has been taken 106 times
    80 since last reset
  • The average score is 19 of 24
Answer Stats
Question Answer % Correct
How many countries are there? 196
100%
What is the biggest US state? Alaska
100%
Which one is a Megacity (Cities with >10M Population) Bangkok
100%
Which Landmark is in Canada CN Tower
100%
Which one is a US State Georgia
100%
What is the capital of Hawaii Honolulu
100%
Which one is an island country? Indonesia
100%
What is the capital of Canada Ottawa
100%
Which one is the smallest country? Vatican city
100%
Which one is not a continent? Atlanticia
89%
Which one doesn't have green on its flag China
89%
Which one is a Communist country China
89%
Which one is a Russian city Krasnoyarsk
89%
Which country has the least population? Monaco
89%
Which one has a cross flag Switzerland
89%
Which one is a Canadian city? Toronto
89%
Is Taiwan a country? Yes
89%
Which country loss both world wars? Germany
78%
Who is the president of the united states? Joe Biden
78%
Which country is not in Former Yugoslavia? Russia
56%
Which one is a peninsula? Indochina
33%
Which one is an island? Manhattan
33%
Which one is not true United Kingdom Colonized Thailand
33%
Which one is not a South East Asian city? Ankara
22%
No matching quizzes found
Score Distribution
Percent of People with Each Score
Percentile by Number Answered
Your Score History
You have not taken this quiz since the last reset